Szczegóły MARC21

A history of Ireland in the eighteenth century /

005 -DATA I CZAS OSTATNIEJ MODYFIKACJI [,]
    • @
    • pole kontrolne
    • 20070122122850.0
020 -Międzynarod. znormalizowany nr książki - ISBN [ , ]
    • a
    • Numer ISBN
    • 0226469956 Find
040 -Instytucja sporządzająca opis [ , ]
    • a
    • Instytucja, która sporządziła opis (NP)
    • SZCZ U / BS
    • c
    • Instytucja, która sporządziła rekord (NP)
    • SZCZ U / BS
    • d
    • Instytucja, która zmodyfikowała rekord (P)
    • SZCZ U/OG
041 -Język dokumentu [0, ]
    • a
    • Język tekstu (P)
    • angielski
044 -Kraj miejsca wydania [ , ]
    • a
    • Kraj miejsca wydania
    • USA
942 -Rodzaj dokumentu [ , ]
    • c
    • Rodzaj dokumentu
    • Książka
100 -Hasło główne - nazwa osobowa [1, ]
    • a
    • Nazwa osobowa (NP)
    • Lecky, William Edward Hartpole
    • d
    • Daty biograficzne (NP)
    • (1838-1903).
    • 9
    • KHW
    • 242203
245 -Strefa tytułu i oznaczenia odpowiedzialności [1,2]
    • a
    • Tytuł
    • A history of Ireland in the eighteenth century / Find
    • c
    • Pozostałe elementy strefy tytułu i oznaczenia odpowiedzialności (NP)
    • W. E. H. Lecky ; Abr. and with an introd. by L. P. Curtis, jr.
260 -Strefa adresu wydawniczego [ , ]
    • a
    • Miejsce wydania (P)
    • Chicago :
    • b
    • Nazwa wydawcy (P)
    • The University of Chicago Press,
    • c
    • Data wydania (P)
    • cop. 1972.
300 -Strefa opisu fizycznego [ , ]
    • a
    • Określenie formy książki i/lub objętość (NP)
    • LII, 513 s. ;
    • c
    • Format (NP)
    • 22 cm.
440 -Strefa serii i książki wielotomowej - forma do wyszukiwania [ ,0]
    • a
    • Tytuł (NP)
    • Classics of British Historical Literature Find
504 -Uwaga dot. bibliogr. załącznikowej [ , ]
    • a
    • Uwaga dot. bibliografii załącznikowej
    • Ind.
080 -Uniwersalna Klasyfikacja Dziesiętna [ , ]
    • 2
    • Identyfikator wydania tablic
    • UDC - P058
    • a
    • Symbol klasyfikacji
    • 94(417)
    • b
    • Dopowiedzenie
    • Historia Irlandii.
    • x
    • Poddział wspólny
    • "17"
    • b
    • Dopowiedzenie
    • Wiek XVIII.
980 -Symbol UKD [ , ]
    • a
    • UKD
    • 94(417)"17"
700 -Hasło dodatkowe - nazwa osobowa [1, ]
    • a
    • Nazwa osobowa (NP)
    • Curtis, L. Perry Find
    • d
    • Daty biograficzne (NP)
    • (1932-)
    • e
    • Określenie rodzaju współpracy
    • Przedm.
920 -ISBN [ , ]
    • a
    • ISBN
    • 0-226-46995-6 Find
Sygnatura Numer inwentarzowy Status udost. Lokalizacja Data inwentaryzacji
ANG. Kultura Irlandii 06A.77521BM2007-01-18